000 00430nam a2200157Ia 4500
008 210210b1994 xxu||||| |||| 00| 0 eng d
041 _aeng
082 _a520.9 RAOJ
100 _aRAO (Rama R).
245 _aJyoutisha-siddhanta-sara: (The essentials of Hindu astrology).
260 _aBangalore
_bKalpatharu Research Academy
_c1994
300 _a177
650 _aJyothishya astrology
690 _aAstronomy
906 _a050251
999 _c98845
_d98845